000 00583nam a2200229Ia 4500
003 OSt
005 20221007071809.0
006 a|||||r|||| 00| 0
007 ta
008 221006b |||||||| |||| 00| 0 eng d
024 _a17,373
037 _cTextual
040 _aFLL
_cFLL
_beng
041 _2eng
_aeng
082 _aXM55:Z3, G3
100 _aGoitein H. Au.
245 0 _aCompany law
260 _aLondon
_bIsaac Pitman & Sons England
_c1933
300 _axx,327p
_ccm.
942 _hXM55:Z3, G3
_cTEXL
_2CC
999 _c1144349
_d1144349